[Event "VIII C.to Italiano U20"]
[Site "Paderno del Grappa ITA"]
[Date "2000.07.16"]
[Round "2"]
[White "Lorusso, Giuseppe"]
[Black "De Barba, Eric"]
[Result "1-0"]
[WhiteElo "1774"]
[BlackElo "1501"]
[PlyCount "81"]
[EventDate "2000.07.15"]

1.d4 f5 2.c4 Nf6 3.g3 g6 4.Bg2 Bg7 5.Nc3 c6 6.Nf3 O-O 7.O-O d6 8.d5 e5 9.
dxe6 Bxe6 10.Qd3 h6 11.Rd1 g5 12.h4 gxh4 13.Nxh4 Ng4 14.Ng6 Rf6 15.Nf4 Bf7
16.b3 Nd7 17.Bb2 Nc5 18.Qc2 Ne5 19.Na4 Ne6 20.Bxe5 Nxf4 21.Bxf4 Re6 22.
Rac1 h5 23.e3 h4 24.Qxf5 hxg3 25.Bxg3 Qe7 26.Nc3 Rf8 27.Qf3 Rh6 28.Qe4 Qd7
29.Qd3 Qg4 30.Qe2 Qd7 31.Qd3 Qg4 32.Qe2 Qd7 33.Rf1 Bh5 34.Qd2 Bf3 35.Bxf3 
Rxf3 36.Kg2 Rxg3+ 37.fxg3 Qh3+ 38.Kf2 Rf6+ 39.Ke2 Qg2+ 40.Kd3 Rxf1 41.Qxg2
1-0

[Event "VIII C.to Italiano U20"]
[Site "Paderno del Grappa ITA"]
[Date "2000.07.16"]
[Round "2"]
[White "Mariano, Elia"]
[Black "Sorcinelli, Francesco"]
[Result "1-0"]
[WhiteElo "2093"]
[BlackElo "1650"]
[PlyCount "79"]
[EventDate "2000.07.15"]

1.d4 Nf6 2.c4 g6 3.Nc3 Bg7 4.e4 d6 5.Nf3 O-O 6.Be2 e5 7.d5 a5 8.Bg5 Na6 9.
Nd2 h6 10.Bh4 Qe8 11.O-O Nh7 12.a3 Bd7 13.b3 f5 14.exf5 gxf5 15.Bh5 Qc8 
16.Be7 Bf6 17.Bxf8 Qxf8 18.Rc1 Qg7 19.Kh1 Kh8 20.Rg1 Rg8 21.Be2 c6 22.Na4 
e4 23.g4 Ng5 24.gxf5 Bd4 25.Qe1 e3 26.fxe3 Bxe3 27.Rg3 Bf4 28.Rcc3 Qe5 29.
Nf3 Bxg3 30.hxg3 Qe4 31.Kh2 Nxf3+ 32.Rxf3 Re8 33.Qc3+ Kh7 34.Bf1 Bxf5 35.
Rxf5 Qxf5 36.Bd3 Re4 37.Qc2 Kg7 38.Bxe4 Qh5+ 39.Kg2 b5 40.cxb5 1-0

[Event "VIII C.to Italiano U20"]
[Site "Paderno del Grappa ITA"]
[Date "2000.07.16"]
[Round "2"]
[White "Navarro, Tommaso"]
[Black "Pulito, Alberto"]
[Result "0-1"]
[WhiteElo "1446"]
[BlackElo "2086"]
[PlyCount "64"]
[EventDate "2000.07.15"]

1.e4 e6 2.d4 d5 3.e5 c5 4.c3 Qb6 5.Nf3 Bd7 6.Be2 cxd4 7.cxd4 Bb5 8.Nc3 
Bxe2 9.Nxe2 Nc6 10.O-O Nge7 11.b3 a5 12.Bb2 Nf5 13.Rc1 a4 14.Ra1 Be7 15.
Rb1 axb3 16.Qxb3 Qxb3 17.axb3 O-O 18.Ra1 Na5 19.Nd2 Nc6 20.Rfc1 Rxa1 21.
Rxa1 Rc8 22.Nf3 f6 23.g4 Nh6 24.exf6 gxf6 25.h3 Nb4 26.Nf4 Kf7 27.Ba3 Nc2 
28.Bxe7 Nxa1 29.Bxf6 Kxf6 30.g5+ Kf5 31.Nh5 Ke4 32.Kg2 Ng8 0-1

[Event "VIII C.to Italiano U20"]
[Site "Paderno del Grappa ITA"]
[Date "2000.07.16"]
[Round "2"]
[White "Pelosin, Matteo"]
[Black "Capone, Vincenzo"]
[Result "1/2-1/2"]
[WhiteElo "1609"]
[BlackElo "2165"]
[PlyCount "89"]
[EventDate "2000.07.15"]

1.e4 e6 2.d4 d5 3.e5 c5 4.c3 Nc6 5.Be3 Qb6 6.Qd2 Bd7 7.Nf3 Rc8 8.dxc5 Bxc5
9.Bxc5 Qxc5 10.b4 Qb6 11.Na3 Nge7 12.Bd3 Ng6 13.Qe2 Nxb4 14.Bxg6 hxg6 15.
Qd2 Qa6 16.cxb4 Qxa3 17.O-O Qc3 18.Qxc3 Rxc3 19.Rfc1 Rxc1+ 20.Rxc1 Ke7 21.
Kf1 Rc8 22.Rxc8 Bxc8 23.Ke2 f6 24.Ke3 Bd7 25.Kd4 Bb5 26.Nd2 g5 27.a3 Kd7 
28.Nb3 b6 29.Nd2 Ba4 30.Nb1 Bb5 31.Nc3 Bf1 32.g3 Ke7 33.Nd1 Bb5 34.Nc3 Be8
35.Nd1 Kf7 36.Nc3 g4 37.Nd1 Kg6 38.Ne3 Kg5 39.Nd1 Kg6 40.Ne3 f5 41.Nd1 Kf7
42.Nc3 Ke7 43.Ke3 g5 44.Ne2 Kd7 45.Nd4 1/2-1/2

[Event "VIII C.to Italiano U20"]
[Site "Paderno del Grappa ITA"]
[Date "2000.07.16"]
[Round "2"]
[White "Sardo, Gabriele"]
[Black "Goi, Veronika"]
[Result "1-0"]
[WhiteElo "2189"]
[BlackElo "1633"]
[PlyCount "73"]
[EventDate "2000.07.15"]

1.e4 e6 2.Nc3 d5 3.f4 d4 4.Nce2 Nc6 5.Nf3 Bc5 6.d3 Nge7 7.g3 f5 8.Bg2 O-O 
9.Nd2 e5 10.O-O Ng6 11.Nb3 Bd6 12.c3 exf4 13.Nxf4 Nxf4 14.Bxf4 Bxf4 15.
Rxf4 Qf6 16.exf5 dxc3 17.bxc3 Qxc3 18.Rc1 Qe5 19.d4 Qe3+ 20.Kh1 Bxf5 21.d5
Ne5 22.Rxc7 Nd3 23.Qa1 Rf6 24.Rxf5 Nf2+ 25.Rxf2 Qxf2 26.Nc5 Re8 27.Ne4 
Rxe4 28.Bxe4 Qb6 29.Rc2 Qb5 30.Bg2 Rb6 31.Qe1 Qb1 32.Rc1 Qg6 33.Rc8+ Kf7 
34.Qe8+ Kf6 35.Qd8+ Ke5 36.Qc7+ Kd4 37.Qc3# 1-0

[Event "VIII C.to Italiano U20"]
[Site "Paderno del Grappa ITA"]
[Date "2000.07.16"]
[Round "2"]
[White "Sedani, Elisa"]
[Black "Navarro, Stefano"]
[Result "0-1"]
[WhiteElo "1533"]
[BlackElo "1792"]
[PlyCount "46"]
[EventDate "2000.07.15"]

1.e4 e5 2.Nf3 Nc6 3.d4 exd4 4.Bc4 Be7 5.O-O d6 6.Nxd4 Nf6 7.Nxc6 bxc6 8.
Nc3 Bb7 9.Re1 d5 10.exd5 cxd5 11.Bb5+ c6 12.Bd3 O-O 13.Qf3 c5 14.Re5 Rb8 
15.Qh3 c4 16.Bxh7+ Nxh7 17.Rh5 Bc8 18.Qg3 Bd6 19.Qf3 Bg4 20.Qxg4 Nf6 21.
Qh3 Nxh5 22.Qxh5 Re8 23.Be3 Be5 0-1

[Event "VIII C.to Italiano U20"]
[Site "Paderno del Grappa ITA"]
[Date "2000.07.16"]
[Round "2"]
[White "Tomba, Ivan"]
[Black "Castaldo, Folco"]
[Result "0-1"]
[WhiteElo "2022"]
[BlackElo "2227"]
[PlyCount "70"]
[EventDate "2000.07.15"]

1.e4 c5 2.Nf3 e6 3.d4 cxd4 4.Nxd4 Nc6 5.Nb5 d6 6.c4 Nf6 7.N1c3 a6 8.Na3 
Be7 9.Be2 Bd7 10.Be3 O-O 11.O-O Qb8 12.f4 Na7 13.e5 dxe5 14.fxe5 Qxe5 15.
Rf3 Ng4 16.Rh3 Nxe3 17.Qxd7 Bxa3 18.Qd3 Nf5 19.bxa3 h6 20.Kh1 Rad8 21.Qb1 
Rd7 22.Qb6 Nc6 23.Rg1 Rfd8 24.g4 Nfd4 25.Bf1 Qf4 26.Qb1 Nf3 27.Ne2 Qf6 28.
g5 Nxg5 29.Rhg3 Qf2 30.h4 Rd1 31.Qxb7 Rxf1 32.Qxc6 Rxg1+ 33.Rxg1 Qxe2 34.
hxg5 Qh5+ 35.Kg2 Rd2+ 0-1

[Event "VIII C.to Italiano U20"]
[Site "Paderno del Grappa ITA"]
[Date "2000.07.16"]
[Round "2"]
[White "Tonon, Gabriele"]
[Black "Artizzu, Giulio"]
[Result "1/2-1/2"]
[WhiteElo "1600"]
[BlackElo "2095"]
[PlyCount "33"]
[EventDate "2000.07.15"]

1.e4 c5 2.Nf3 d6 3.d4 cxd4 4.Nxd4 Nf6 5.Nc3 a6 6.Bc4 e6 7.O-O Be7 8.Bb3 
Nbd7 9.Bxe6 fxe6 10.Nxe6 Qb6 11.Nxg7+ Kf7 12.Nf5 h5 13.Nd5 Nxd5 14.Qxd5+ 
Ke8 15.Ng7+ Kf8 16.Ne6+ Ke8 17.Ng7+ 1/2-1/2

[Event "VIII C.to Italiano U20"]
[Site "Paderno del Grappa ITA"]
[Date "2000.07.17"]
[Round "3"]
[White "Arcion, Riccardo"]
[Black "Lo Curto, Emanuele"]
[Result "1-0"]
[WhiteElo "1804"]
[BlackElo "2132"]
[PlyCount "55"]
[EventDate "2000.07.15"]

1.d4 Nf6 2.c4 g6 3.Nc3 Bg7 4.e4 d6 5.f4 O-O 6.Nf3 c5 7.d5 e6 8.Be2 exd5 9.
cxd5 Bg4 10.O-O Bxf3 11.Bxf3 Na6 12.Re1 Re8 13.e5 dxe5 14.fxe5 Nd7 15.e6 
Ne5 16.exf7+ Nxf7 17.Rxe8+ Qxe8 18.d6 Qd7 19.Bf4 Bd4+ 20.Kh1 Nb4 21.Qb3 
Nd3 22.Bg3 Ne5 23.Bxe5 Bxe5 24.Ne4 Bd4 25.Ng5 Kg7 26.Nxf7 Qxf7 27.Bd5 Qf6 
28.Qxb7+ 1-0

[Event "VIII C.to Italiano U20"]
[Site "Paderno del Grappa ITA"]
[Date "2000.07.17"]
[Round "3"]
[White "Artizzu, Giulio"]
[Black "Galli, Fabio"]
[Result "1/2-1/2"]
[WhiteElo "2095"]
[BlackElo "2107"]
[PlyCount "41"]
[EventDate "2000.07.15"]

1.c4 c6 2.Nc3 Nf6 3.e4 d6 4.d4 g6 5.Be2 Bg7 6.h3 Nbd7 7.Nf3 O-O 8.O-O e5 
9.Be3 Qc7 10.Qc2 d5 11.cxd5 cxd5 12.dxe5 Nxe4 13.Bd4 Nxe5 14.Rad1 Be6 15.
Qb3 Nxc3 16.bxc3 Nxf3+ 17.Bxf3 Rfd8 18.Bxg7 Kxg7 19.Bxd5 Bxd5 20.Rxd5 Rxd5
21.Qxd5 1/2-1/2

[Event "VIII C.to Italiano U20"]
[Site "Paderno del Grappa ITA"]
[Date "2000.07.17"]
[Round "3"]
[White "Cacco, Christian"]
[Black "Genocchio, Daniele"]
[Result "1-0"]
[WhiteElo "2267"]
[BlackElo "2201"]
[PlyCount "83"]
[EventDate "2000.07.15"]

1.d4 g6 2.g3 Bg7 3.Bg2 d6 4.b3 c5 5.e3 Nc6 6.Ne2 Nh6 7.O-O O-O 8.Bb2 Nf5 
9.c3 cxd4 10.cxd4 e5 11.d5 Nb8 12.Nbc3 Bd7 13.Qd2 Na6 14.Ne4 Qb6 15.Bc3 
Nc5 16.Ba5 Qa6 17.Nxc5 dxc5 18.a4 Nd6 19.Bc3 c4 20.Nc1 Rac8 21.b4 Bxa4 22.
Ne2 b5 23.Qb2 Rfe8 24.e4 Qb6 25.Kh1 Bh6 26.Rae1 f6 27.f4 Nf7 28.Bh3 Rcd8 
29.Ng1 Bg7 30.Nf3 Bb3 31.Re2 a5 32.bxa5 Qd6 33.Qd2 exf4 34.gxf4 Bh6 35.Nd4
Ne5 36.Be6+ Rxe6 37.Nxe6 Nd3 38.Nxd8 Qxd8 39.a6 f5 40.a7 fxe4 41.Qe3 Qa8 
42.Qd4 1-0

[Event "VIII C.to Italiano U20"]
[Site "Paderno del Grappa ITA"]
[Date "2000.07.17"]
[Round "3"]
[White "Capone, Vincenzo"]
[Black "Chindemi, Giuseppe"]
[Result "1-0"]
[WhiteElo "2165"]
[BlackElo "1500"]
[PlyCount "29"]
[EventDate "2000.07.15"]

1.e4 c5 2.Nf3 Nc6 3.d4 cxd4 4.Nxd4 d6 5.c4 Nf6 6.Nc3 g6 7.Be2 Qb6 8.Be3 
Qxb2 9.Na4 Qb4+ 10.Bd2 Qa3 11.Nb5 Qc5 12.Nxc5 dxc5 13.Nc7+ Kd8 14.Nxa8 Bg7
15.Bh6+ 1-0

[Event "VIII C.to Italiano U20"]
[Site "Paderno del Grappa ITA"]
[Date "2000.07.17"]
[Round "3"]
[White "Castaldo, Folco"]
[Black "Sardo, Gabriele"]
[Result "1/2-1/2"]
[WhiteElo "2227"]
[BlackElo "2189"]
[PlyCount "48"]
[EventDate "2000.07.15"]

1.e4 c5 2.Nc3 Nc6 3.f4 g6 4.Nf3 Bg7 5.Bb5 Nd4 6.Bd3 d6 7.Nxd4 cxd4 8.Ne2 
Nf6 9.O-O O-O 10.c3 e5 11.h3 Nd7 12.Bc4 b5 13.Bd5 Rb8 14.cxd4 exd4 15.d3 
Nb6 16.Bb3 Kh8 17.f5 d5 18.Ng3 dxe4 19.dxe4 Nc4 20.Qf3 Ne5 21.Qf4 Rb6 22.
Bd2 Nd3 23.Qf3 Ne5 24.Qf4 Nd3 1/2-1/2

[Event "VIII C.to Italiano U20"]
[Site "Paderno del Grappa ITA"]
[Date "2000.07.17"]
[Round "3"]
[White "Cedriano, Filippo"]
[Black "Tomba, Ivan"]
[Result "0-1"]
[WhiteElo "1582"]
[BlackElo "2022"]
[PlyCount "66"]
[EventDate "2000.07.15"]

1.d4 Nf6 2.Nf3 g6 3.c4 Bg7 4.Nc3 d6 5.e4 O-O 6.Be2 e5 7.d5 a5 8.O-O Na6 9.
Bg5 h6 10.Bh4 Qe8 11.Nd2 Nh7 12.g4 Ng5 13.Kg2 Nc5 14.Bg3 f5 15.h4 Ngxe4 
16.Ncxe4 fxe4 17.Qc2 Nd3 18.Nxe4 Nf4+ 19.Kh2 h5 20.f3 Qd7 21.Bxf4 Rxf4 22.
Ng5 Qe8 23.Kg3 Bf6 24.Rh1 Kg7 25.Rag1 hxg4 26.fxg4 Bxg5 27.hxg5 Qe7 28.Rh4
Qxg5 29.Rgh1 Bf5 30.Qb3 Re4 31.Bf3 Re3 32.Qd1 Qf4+ 33.Kg2 Rxf3 0-1

[Event "VIII C.to Italiano U20"]
[Site "Paderno del Grappa ITA"]
[Date "2000.07.17"]
[Round "3"]
[White "Cortina, Federico"]
[Black "Sorcinelli, Francesco"]
[Result "1-0"]
[WhiteElo "1738"]
[BlackElo "1650"]
[PlyCount "75"]
[EventDate "2000.07.15"]

1.Nf3 d6 2.d4 Nf6 3.c4 g6 4.Nc3 Bg7 5.e4 O-O 6.Be2 e5 7.O-O Nc6 8.d5 Ne7 
9.Ne1 Nd7 10.Be3 f5 11.f3 f4 12.Bf2 Rf7 13.Nd3 Bf8 14.c5 g5 15.cxd6 cxd6 
16.Rc1 Nf6 17.Nb5 Ng6 18.a4 h5 19.Nxa7 Bd7 20.Nb5 Ne8 21.h3 Rg7 22.Qb3 g4 
23.fxg4 Qg5 24.Ne1 hxg4 25.Bxg4 Bxg4 26.hxg4 Rh7 27.Rc3 Qxg4 28.Qc2 f3 29.
Rxf3 Nf4 30.Rg3 Nf6 31.Rxg4+ Nxg4 32.Qd1 Rg7 33.Qf3 Rxa4 34.Nd3 Nh5 35.Bh4
Ng3 36.Qxf8+ Kh7 37.Bxg3 Rxe4 38.Qf5+ 1-0

[Event "VIII C.to Italiano U20"]
[Site "Paderno del Grappa ITA"]
[Date "2000.07.17"]
[Round "3"]
[White "Delfino, Luigi"]
[Black "Tonon, Gabriele"]
[Result "1-0"]
[WhiteElo "2126"]
[BlackElo "1600"]
[PlyCount "77"]
[EventDate "2000.07.15"]

1.d4 Nf6 2.e3 c5 3.Bd3 e6 4.c3 a6 5.Nd2 b5 6.Ngf3 Bb7 7.O-O cxd4 8.exd4 d6
9.Qe2 Be7 10.Re1 Nbd7 11.a4 bxa4 12.Rxa4 O-O 13.Bxa6 Bxa6 14.Rxa6 Rxa6 15.
Qxa6 Qc7 16.Qd3 Rc8 17.Ne4 Nxe4 18.Qxe4 Nf6 19.Qe2 d5 20.Ne5 Bd6 21.g3 
Bxe5 22.Qxe5 Qxe5 23.dxe5 Ne4 24.Be3 Nc5 25.Bxc5 Rxc5 26.Ra1 f6 27.exf6 
gxf6 28.Ra8+ Kf7 29.Rb8 e5 30.Kf1 f5 31.Ke2 Rc7 32.Kd2 Kg7 33.Re8 Kf6 34.
Ra8 h6 35.Ra6+ Kg5 36.Re6 e4 37.Rd6 Rc5 38.b4 Rb5 39.Ke3 1-0

[Event "VIII C.to Italiano U20"]
[Site "Paderno del Grappa ITA"]
[Date "2000.07.17"]
[Round "3"]
[White "Goi, Veronika"]
[Black "Forato, Piero"]
[Result "1-0"]
[WhiteElo "1633"]
[BlackElo "2050"]
[PlyCount "57"]
[EventDate "2000.07.15"]

1.d4 Nf6 2.Bf4 g6 3.Nd2 Bg7 4.e4 d6 5.Bd3 Nfd7 6.Ngf3 Nc6 7.c3 e5 8.Bg5 f6
9.Be3 O-O 10.Qc2 a6 11.h4 h5 12.O-O-O b5 13.Rdg1 Nb6 14.Nh2 f5 15.d5 Ne7 
16.Bg5 Qe8 17.f3 f4 18.g4 fxg3 19.Rxg3 Bf6 20.Bh6 Bxh4 21.Rgg1 Rf7 22.Nhf1
Rh7 23.Be3 Bf6 24.f4 exf4 25.Bxf4 Be5 26.Bg5 Kh8 27.Nf3 Nd7 28.Kb1 Nf6 29.
Nxe5 1-0

[Event "VIII C.to Italiano U20"]
[Site "Paderno del Grappa ITA"]
[Date "2000.07.17"]
[Round "3"]
[White "Gottardo, Jacopo"]
[Black "Sedani, Elisa"]
[Result "0-1"]
[WhiteElo "1600"]
[BlackElo "1533"]
[PlyCount "56"]
[EventDate "2000.07.15"]

1.e4 c5 2.Nf3 d6 3.d4 cxd4 4.Nxd4 Nf6 5.Nc3 a6 6.Bc4 e6 7.Bb3 Be7 8.O-O 
O-O 9.f4 b5 10.a3 Qb6 11.Be3 Qc7 12.Qf3 e5 13.fxe5 dxe5 14.Nf5 Bxf5 15.
exf5 Nbd7 16.g4 Nc5 17.Bxc5 Bxc5+ 18.Kh1 h6 19.h4 e4 20.Nxe4 Nxe4 21.Qxe4 
Rae8 22.Qf3 Re3 23.Qg2 Rg3 24.Bxf7+ Rxf7 25.Qa8+ Kh7 26.Rf3 Rxg4 27.Qd5 
Rxh4+ 28.Kg2 Rh2+ 0-1

[Event "VIII C.to Italiano U20"]
[Site "Paderno del Grappa ITA"]
[Date "2000.07.17"]
[Round "3"]
[White "Iafelice, Vincenzo"]
[Black "Navarro, Tommaso"]
[Result "1-0"]
[WhiteElo "1903"]
[BlackElo "1446"]
[PlyCount "82"]
[EventDate "2000.07.15"]

1.e4 e5 2.f4 d6 3.Nf3 Nc6 4.Bc4 Nf6 5.Nc3 g6 6.O-O Bg7 7.d3 O-O 8.h3 Nh5 
9.f5 Kh8 10.Ng5 Qe8 11.fxg6 fxg6 12.Nf7+ Rxf7 13.Bxf7 Qd8 14.Be3 Nf6 15.a3
Nd4 16.Ne2 Be6 17.Bxe6 Nxe6 18.c4 Qe7 19.Qd2 c6 20.Rf2 d5 21.exd5 cxd5 22.
Raf1 dxc4 23.Bh6 Rf8 24.dxc4 Ne4 25.Rxf8+ Nxf8 26.Bxg7+ Kxg7 27.Qe3 Nd6 
28.b3 b6 29.Ng3 Nd7 30.Rd1 Nc5 31.b4 Ncb7 32.Qd3 Qh4 33.c5 bxc5 34.bxc5 
Nf7 35.Ne4 Qe7 36.Qd7 Qxd7 37.Rxd7 Nd8 38.Nd6 Kf8 39.Nxf7 Nxf7 40.c6 Ke8 
41.Rxf7 Kd8 1-0

[Event "VIII C.to Italiano U20"]
[Site "Paderno del Grappa ITA"]
[Date "2000.07.17"]
[Round "3"]
[White "Lorusso, Giuseppe"]
[Black "Coratella, Giuseppe"]
[Result "0-1"]
[WhiteElo "1774"]
[BlackElo "2077"]
[PlyCount "84"]
[EventDate "2000.07.15"]

1.d4 Nf6 2.c4 g6 3.Nc3 Bg7 4.e4 d6 5.Nf3 O-O 6.Be2 e5 7.O-O Nc6 8.d5 Ne7 
9.Ne1 Ne8 10.Nd3 f5 11.f3 f4 12.Bd2 g5 13.c5 Rf6 14.cxd6 cxd6 15.Nf2 h5 
16.a4 Rg6 17.h3 Kh8 18.Nb5 Ng8 19.Rc1 Nh6 20.Qb3 Bd7 21.Rc2 g4 22.hxg4 a6 
23.Na3 Nf6 24.Nc4 hxg4 25.Ba5 Qe7 26.Qxb7 Rg8 27.Nb6 gxf3 28.Bxf3 Rg3 29.
Nh1 Bf8 30.Nxd7 Nxd7 31.Nxg3 fxg3 32.Rc7 Qh4 33.Rfc1 Nf6 34.Qc8 Nhg4 35.
Kf1 Nh2+ 36.Ke2 Nxf3 37.gxf3 Bh6 38.Qf5 Bxc1 39.Rxc1 Nh5 40.Qd7 Nf4+ 41.
Ke3 Qh2 42.Re1 Qf2# 0-1

[Event "VIII C.to Italiano U20"]
[Site "Paderno del Grappa ITA"]
[Date "2000.07.17"]
[Round "3"]
[White "Mogranzini, Roberto"]
[Black "Damia, Angelo"]
[Result "1/2-1/2"]
[WhiteElo "1969"]
[BlackElo "1720"]
[PlyCount "127"]
[EventDate "2000.07.15"]

1.e4 c5 2.Nf3 a6 3.c4 Nc6 4.d4 cxd4 5.Nxd4 d6 6.Nc3 Nf6 7.Be2 g6 8.Be3 Bg7
9.f3 Bd7 10.Qd2 O-O 11.Rc1 Rc8 12.b3 Ne8 13.O-O Nc7 14.f4 Nxd4 15.Bxd4 
Bxd4+ 16.Qxd4 Ne6 17.Qe3 Ng7 18.Rfd1 Qe8 19.Bf3 Bc6 20.Re1 e5 21.Rcd1 exf4
22.Qxf4 Qe5 23.Qd2 Rcd8 24.Nd5 Ne6 25.g3 Qg5 26.Qxg5 Nxg5 27.Bg2 Kg7 28.
Re2 Rfe8 29.h4 Ne6 30.Nb4 Nc5 31.Nxc6 bxc6 32.Kf2 Kf6 33.b4 Ne6 34.Red2 
Ke7 35.a4 h5 36.a5 c5 37.b5 Nd4 38.Rxd4 cxd4 39.Rxd4 Rc8 40.Ke3 Rc5 41.Rd5
Rec8 42.Bh3 Rb8 43.b6 Rxd5 44.cxd5 f6 45.Be6 g5 46.Bh3 Kd8 47.Bf1 Ra8 48.
hxg5 fxg5 49.e5 dxe5 50.Ke4 Kc8 51.Kxe5 Kb7 52.Bg2 Rf8 53.d6+ Kc8 54.b7+ 
Kb8 55.Ke6 h4 56.Ke7 Rh8 57.gxh4 gxh4 58.Be4 h3 59.Bh1 h2 60.Kd7 Rh7+ 61.
Kc6 Rh6 62.Kc5 Rh7 63.Kb6 Rh6 64.Kc6 1/2-1/2

[Event "VIII C.to Italiano U20"]
[Site "Paderno del Grappa ITA"]
[Date "2000.07.17"]
[Round "3"]
[White "Navarro, Stefano"]
[Black "Mariano, Elia"]
[Result "1/2-1/2"]
[WhiteElo "1792"]
[BlackElo "2093"]
[PlyCount "56"]
[EventDate "2000.07.15"]

1.e4 d5 2.exd5 Qxd5 3.Nc3 Qa5 4.Nf3 Nf6 5.d4 Bg4 6.h3 Bh5 7.Bd2 c6 8.Bd3 
e6 9.Qe2 Nbd7 10.g4 Bg6 11.Bxg6 hxg6 12.O-O-O Bb4 13.Kb1 O-O-O 14.g5 Ne8 
15.Ne4 Bxd2 16.Nfxd2 Nb6 17.Nb3 Qf5 18.h4 Nd6 19.f3 Qf4 20.Nxd6+ Rxd6 21.
Qe4 Qf5 22.Nc5 Rhd8 23.Qxf5 gxf5 24.c3 g6 25.Nd3 Nd7 26.Kc2 Rh8 27.Rh2 Kd8
28.Rdh1 Ke7 1/2-1/2

[Event "VIII C.to Italiano U20"]
[Site "Paderno del Grappa ITA"]
[Date "2000.07.17"]
[Round "3"]
[White "Pulito, Alberto"]
[Black "Albertazzi, Lorenzo"]
[Result "1/2-1/2"]
[WhiteElo "2086"]
[BlackElo "1636"]
[PlyCount "86"]
[EventDate "2000.07.15"]

1.e4 c5 2.c3 d5 3.exd5 Qxd5 4.d4 Nf6 5.Nf3 Bg4 6.Be2 e6 7.h3 Bh5 8.O-O 
cxd4 9.cxd4 Be7 10.Nc3 Qd6 11.Be3 O-O 12.Qb3 Qb4 13.g4 Bg6 14.Ne5 Nc6 15.
g5 Qxb3 16.axb3 Nd5 17.Nxd5 exd5 18.Rfc1 Bf5 19.Nxc6 bxc6 20.Rxc6 Bxh3 21.
Bf3 Be6 22.Bf4 a5 23.Bd6 Bd7 24.Bxe7 Bxc6 25.Bxf8 Kxf8 26.Rc1 Rc8 27.Bxd5 
Bb7 28.Rxc8+ Bxc8 29.Kg2 Ke7 30.Kg3 Be6 31.Bc4 h5 32.gxh6 gxh6 33.Kh4 Kf6 
34.Kh5 Kf5 35.d5 Bc8 36.Kxh6 Ke5 37.Kg5 f6+ 38.Kh4 Bb7 39.Kg4 Bxd5 40.f4+ 
Kd4 41.Bxd5 Kxd5 42.Kf5 Kc5 43.Kxf6 Kb4 1/2-1/2

[Event "VIII C.to Italiano U20"]
[Site "Paderno del Grappa ITA"]
[Date "2000.07.17"]
[Round "3"]
[White "Quaranta, Cristiano"]
[Black "Berni, Giorgio"]
[Result "0-1"]
[WhiteElo "1468"]
[BlackElo "1905"]
[PlyCount "72"]
[EventDate "2000.07.15"]

1.e4 c5 2.c3 d5 3.exd5 Qxd5 4.d4 Nc6 5.Nf3 cxd4 6.cxd4 e5 7.dxe5 Qxd1+ 8.
Kxd1 Bg4 9.Be2 O-O-O+ 10.Bd2 f6 11.exf6 Nxf6 12.h3 Ne4 13.Rf1 Bxf3 14.Bxf3
Nxd2 15.Nxd2 Bb4 16.Bxc6 bxc6 17.Kc1 Bxd2+ 18.Kc2 Ba5 19.Rac1 Rhe8 20.Kb1 
Kb7 21.a3 Re2 22.Rc2 Rdd2 23.Rxd2 Rxd2 24.g3 Bb6 25.Re1 Kc7 26.Kc1 Rd6 27.
Re7+ Rd7 28.Re2 Rf7 29.f4 Kd7 30.Kd2 Re7 31.Rg2 Re3 32.Kc2 Rf3 33.Kb1 Rf2 
34.Rxf2 Bxf2 35.g4 Kd6 36.Kc2 Be3 0-1

[Event "VIII C.to Italiano U20"]
[Site "Paderno del Grappa ITA"]
[Date "2000.07.17"]
[Round "3"]
[White "Santacroce, Fidel"]
[Black "Pelosin, Matteo"]
[Result "1-0"]
[WhiteElo "1609"]
[BlackElo "1609"]
[PlyCount "81"]
[EventDate "2000.07.15"]

1.e4 e6 2.d4 d5 3.exd5 exd5 4.Bd3 c5 5.Qe2+ Be7 6.dxc5 Nc6 7.Nf3 Bg4 8.h3 
Nd4 9.Qe3 Nxf3+ 10.gxf3 Bd7 11.Qd4 Nf6 12.Nc3 Bc6 13.Rg1 Qd7 14.Bf4 Qxh3 
15.Nb5 Qe6+ 16.Kd2 Bxb5 17.Bxb5+ Kf8 18.Rae1 Qc8 19.Rxe7 Kxe7 20.Bd6+ Kd8 
21.Re1 Qf5 22.Qe3 Ne4+ 23.fxe4 dxe4 24.Qxe4 Qxe4 25.Rxe4 h5 26.Re7 h4 27.
Rxb7 h3 28.Bh2 a6 29.Ba4 Rc8 30.c6 Ke8 31.Bd6 Rh4 32.Bb4 f6 33.c7+ Kf7 34.
Bc6 h2 35.Bh1 Rg4 36.Ba5 Rg1 37.Bd5+ Ke7 38.Rb8 Kd7 39.Rxc8 h1=Q 40.Rd8+ 
Ke7 41.c8=N# 1-0

[Event "VIII C.to Italiano U20"]
[Site "Paderno del Grappa ITA"]
[Date "2000.07.17"]
[Round "3"]
[White "Veltcheva, Mina"]
[Black "De Barba, Eric"]
[Result "1/2-1/2"]
[WhiteElo "1600"]
[BlackElo "1501"]
[PlyCount "121"]
[EventDate "2000.07.15"]

1.d4 f5 2.c4 Nf6 3.Bg5 Ne4 4.Bh4 c6 5.a3 Na6 6.Nd2 Nxd2 7.Qxd2 g6 8.Nf3 
Bg7 9.g3 O-O 10.Bh3 h6 11.O-O d6 12.Rfe1 Qe8 13.e4 fxe4 14.Bxc8 Qxc8 15.
Rxe4 Rxf3 16.Bxe7 Qf5 17.Rae1 d5 18.cxd5 cxd5 19.R4e2 Rc8 20.Bd6 Kh7 21.
Be5 Bxe5 22.Rxe5 Qf8 23.Re7+ Rf7 24.R7e6 Rcc7 25.Qd3 Qg7 26.h4 Rce7 27.h5 
Rxe6 28.Rxe6 Rf6 29.hxg6+ Rxg6 30.Qf5 Nc7 31.Rd6 Qg8 32.Rd7+ Kh8 33.Rxc7 
Rxg3+ 34.fxg3 Qxg3+ 35.Kf1 Qxc7 36.Qf8+ Kh7 37.Qf5+ Kg7 38.Qg4+ Kf8 39.Qd1
Qf4+ 40.Kg2 Qg5+ 41.Kh3 h5 42.Qf3+ Ke7 43.Qc3 Kd7 44.Qb4 Qg4+ 45.Kh2 Qh4+ 
46.Kg2 Qe4+ 47.Kh3 Qf5+ 48.Kg3 Qg6+ 49.Kh3 Qe6+ 50.Kg2 Qc6 51.Kh3 Qe6+ 52.
Kg2 Qe4+ 53.Kh2 Qf4+ 54.Kg2 Qe4+ 55.Kh2 Qf4+ 56.Kg2 Qg5+ 57.Kh2 Qh4+ 58.
Kg2 Qg4+ 59.Kh2 Qe2+ 60.Kh3 Qa6 61.Kh4 1/2-1/2

[Event "VIII C.to Italiano U20"]
[Site "Paderno del Grappa ITA"]
[Date "2000.07.18"]
[Round "4"]
[White "Albertazzi, Lorenzo"]
[Black "Mogranzini, Roberto"]
[Result "0-1"]
[WhiteElo "1636"]
[BlackElo "1969"]
[PlyCount "56"]
[EventDate "2000.07.15"]

1.e4 c5 2.b4 cxb4 3.a3 d5 4.e5 Nc6 5.d4 Qb6 6.Be3 Bf5 7.Bd3 Bxd3 8.Qxd3 e6
9.Nf3 Nge7 10.O-O Nf5 11.g4 Nfe7 12.Ng5 h6 13.Nh3 h5 14.gxh5 Nf5 15.Rd1 
Rc8 16.Nf4 Qd8 17.Qb3 Qg5+ 18.Kh1 Qg4 19.Qd3 Nfxd4 20.axb4 Nxb4 21.Qxd4 
Bc5 22.Qd2 Bxe3 23.fxe3 Rxc2 24.Qe1 Qf3+ 25.Kg1 Rxh5 26.Nd2 Rg5+ 27.Qg3 
Rxg3+ 28.hxg3 Qxe3+ 0-1

[Event "VIII C.to Italiano U20"]
[Site "Paderno del Grappa ITA"]
[Date "2000.07.18"]
[Round "4"]
[White "Berni, Giorgio"]
[Black "Artizzu, Giulio"]
[Result "1-0"]
[WhiteElo "1905"]
[BlackElo "2095"]
[PlyCount "109"]
[EventDate "2000.07.15"]

1.e4 c5 2.Nf3 Nc6 3.Bb5 g6 4.O-O Bg7 5.c3 Nf6 6.Re1 O-O 7.a4 d6 8.h3 a6 9.
Bf1 Rb8 10.Na3 Qc7 11.g3 Rd8 12.d4 e5 13.Qc2 exd4 14.cxd4 cxd4 15.Nxd4 Nh5
16.Nxc6 Qxc6 17.g4 Nf6 18.Bf4 Nd7 19.Qxc6 bxc6 20.Bxd6 Rxb2 21.Rad1 Re8 
22.e5 Nb6 23.Bg2 Bb7 24.Rb1 Nxa4 25.Rxb2 Nxb2 26.Rb1 Rxe5 27.Bxe5 Bxe5 28.
Nc4 Nxc4 29.Rxb7 c5 30.Ra7 Bd4 31.Rxa6 g5 32.Kf1 Kg7 33.Ke2 Ne5 34.Bd5 h6 
35.Rd6 Ng6 36.Kf3 Ne5+ 37.Ke4 Ng6 38.Rd7 Ne5 39.Rd6 Ng6 40.Rd7 Ne5 41.Ra7 
Kf6 42.Ra6+ Kg7 43.Kf5 Ng6 44.f3 Ne7+ 45.Ke4 Ng6 46.Ra7 Ne5 47.Kf5 Kf8 48.
Rc7 Ke8 49.f4 gxf4 50.Kxf4 Kf8 51.Kf5 Kg7 52.Re7 Nd3 53.Rxf7+ Kh8 54.Re7 
Bc3 55.Bc4 1-0

[Event "VIII C.to Italiano U20"]
[Site "Paderno del Grappa ITA"]
[Date "2000.07.18"]
[Round "4"]
[White "Chindemi, Giuseppe"]
[Black "Veltcheva, Mina"]
[Result "1/2-1/2"]
[WhiteElo "1500"]
[BlackElo "1600"]
[PlyCount "95"]
[EventDate "2000.07.15"]

1.f4 c5 2.Nf3 Nc6 3.e3 d5 4.b3 Nf6 5.Bb2 e6 6.Nc3 a6 7.Bd3 Bd6 8.O-O e5 9.
fxe5 Nxe5 10.Nxd5 Nxd3 11.Nxf6+ gxf6 12.cxd3 Rg8 13.Kh1 Bg4 14.Qc2 Bxf3 
15.Rxf3 f5 16.d4 Qh4 17.h3 Qg5 18.Rg1 Rc8 19.Qxf5 Qxf5 20.Rxf5 cxd4 21.
Bxd4 Rc2 22.Be5 Rxd2 23.Bxd6 Rxd6 24.Rgf1 Rg7 25.R1f2 Rd3 26.Re5+ Kd7 27.
e4 Kd6 28.Re8 Re3 29.Rf8 Ke6 30.Rb8 f6 31.Re8+ Kd7 32.Rf8 Rxe4 33.R8xf6 
Re6 34.Rf7+ Rxf7 35.Rxf7+ Re7 36.Rf3 Kd6 37.a4 Kc5 38.Rf4 Re1+ 39.Kh2 Rb1 
40.Rc4+ Kd5 41.Rb4 Kc6 42.g4 b6 43.Kg3 Kc5 44.Rc4+ Kd5 45.Rb4 Kc5 46.Rc4+ 
Kd5 47.Rb4 Kc5 48.Rc4+ 1/2-1/2

[Event "VIII C.to Italiano U20"]
[Site "Paderno del Grappa ITA"]
[Date "2000.07.18"]
[Round "4"]
[White "Coratella, Giuseppe"]
[Black "Arcion, Riccardo"]
[Result "1-0"]
[WhiteElo "2077"]
[BlackElo "1804"]
[PlyCount "70"]
[EventDate "2000.07.15"]

1.e4 Nf6 2.e5 Nd5 3.c4 Nb6 4.d4 d6 5.exd6 cxd6 6.Nc3 g6 7.Be3 Bg7 8.Rc1 
O-O 9.b3 Nc6 10.Be2 f5 11.d5 Ne5 12.f4 Ng4 13.Bd4 Nf6 14.Nf3 e6 15.dxe6 
Bxe6 16.O-O Kh8 17.Qd2 d5 18.c5 Nbd7 19.b4 a6 20.Rfd1 Rc8 21.Qb2 Qe7 22.
Ne5 Ne4 23.Nxd5 Bxd5 24.Nxd7 Qxd7 25.Bxg7+ Qxg7 26.Qxg7+ Kxg7 27.Rxd5 Rcd8
28.Rcd1 Rxd5 29.Rxd5 Nc3 30.Rd7+ Rf7 31.Rxf7+ Kxf7 32.Bf3 Ke7 33.a3 Nb1 
34.Bxb7 Nxa3 35.Bxa6 Kd7 1-0